[Event "Aeroflot Open A 2017"]
[Site "Moscow RUS"]
[Date "2017.02.22"]
[Round "2.20"]
[White "Vidit, Santosh Gujrathi"]
[Black "Indjic, Aleksandar"]
[Result "0-1"]
[WhiteTitle "GM"]
[BlackTitle "GM"]
[WhiteElo "2673"]
[BlackElo "2560"]
[WhiteFideId "5029465"]
[BlackFideId "911925"]
[EventDate "2017.02.21"]

1. d4 Nf6 2. c4 e6 3. Nf3 c5 4. d5 d6 5. Nc3 exd5 6. cxd5 g6 7. Nd2 Bg7 8. e4
O-O 9. Be2 Na6 10. O-O Nc7 11. a4 Re8 12. f3 b6 13. Kh1 Rb8 14. Nc4 Ba6 15. Bg5
Bxc4 16. Bxc4 a6 17. Qd2 b5 18. axb5 axb5 19. Be2 b4 20. Nd1 Nb5 21. Bxb5 Rxb5
22. Qf4 Nh5 23. Qc1 Qc7 24. Ne3 h6 25. g4 Ng3+ 26. hxg3 hxg5 27. Nc4 Qe7 28. Ra6
Be5 29. Kg2 b3 30. Qd2 Rb4 31. Rc1 Kg7 32. Rb6 Rxb6 33. Nxb6 f5 34. exf5 Bd4 35.
Kf1 Qe3 36. Qxe3 Rxe3 37. Nc4 Rxf3+ 38. Ke2 Rxg3 39. Ra1 Rxg4 40. Ra7+ Kf6 41.
fxg6 Kxg6 42. Ra6 Bxb2 43. Rxd6+ Kh5 44. Nxb2 Rg2+ 45. Kd3 Rxb2 46. Kc3 Rb1 47.
Rd8 Kg6 48. d6 Kf7 49. d7 Rd1 50. Kxb3 Rd4 51. Kc3 Kg7 52. Kc2 Kh7 53. Kc3 g4
54. Rc8 Rxd7 55. Rxc5 Kh6 56. Kc2 g3 0-1

[Event "Aeroflot Open A 2017"]
[Site "Moscow RUS"]
[Date "2017.02.22"]
[Round "2.24"]
[White "Zhigalko, Sergei"]
[Black "Gabrielian, Artur"]
[Result "1/2-1/2"]
[WhiteTitle "GM"]
[BlackTitle "GM"]
[WhiteElo "2652"]
[BlackElo "2532"]
[WhiteFideId "13502956"]
[BlackFideId "4131002"]
[EventDate "2017.02.21"]

1. e4 e5 2. Nf3 Nc6 3. Bb5 a6 4. Ba4 d6 5. O-O Bd7 6. c3 g6 7. d4 Bg7 8. Bg5 f6
9. Be3 Nh6 10. dxe5 fxe5 11. h3 O-O 12. Nbd2 Kh8 13. b4 Ng8 14. Bb3 Bh6 15. Qe2
Bxe3 16. Qxe3 Qe7 17. a4 Nf6 18. Kh2 Nh5 19. g3 1/2-1/2

[Event "Aeroflot Open A 2017"]
[Site "Moscow RUS"]
[Date "2017.02.22"]
[Round "2.25"]
[White "Saric, Ivan"]
[Black "Xu, Yinglun"]
[Result "1/2-1/2"]
[WhiteTitle "GM"]
[WhiteElo "2648"]
[BlackElo "2540"]
[WhiteFideId "14508150"]
[BlackFideId "8604940"]
[EventDate "2017.02.21"]

1. e4 c5 2. Nf3 d6 3. d4 cxd4 4. Nxd4 Nf6 5. Nc3 a6 6. Be3 e6 7. Be2 Be7 8. Qd2
O-O 9. O-O-O Qc7 10. g4 b5 11. g5 b4 12. Nd5 Nxd5 13. exd5 e5 14. Nf3 Qb7 15. h4
Bf5 16. Bd3 Bxd3 17. Qxd3 Nd7 18. h5 Rac8 19. Kb1 Nc5 20. Qf5 a5 21. b3 Qc7 22.
Nd2 g6 23. hxg6 fxg6 24. Qh3 Rf7 25. Rc1 Re8 26. Rcg1 Rc8 27. Nc4 Ne4 28. Qe6
Rf8 29. Rg4 Nc3+ 30. Kb2 Qc8 31. Rgh4 Qxe6 32. dxe6 Rg7 33. a4 Rf5 34. Nxa5 d5
35. Nc6 d4 36. Bc1 Bd6 37. f4 exf4 38. Re1 Nd5 39. a5 Rc7 40. Nxd4 Be5 41. Rxe5
Rxe5 42. Bxf4 Nxf4 43. Rxf4 Rxg5 44. a6 Rgc5 45. Re4 Kf8 46. e7+ Ke8 47. a7 Rc8
48. Re6 Ra5 49. Nc6 Rxc6 1/2-1/2

[Event "Aeroflot Open A 2017"]
[Site "Moscow RUS"]
[Date "2017.02.22"]
[Round "2.26"]
[White "Zhigalko, Andrey"]
[Black "Kuzubov, Yuriy"]
[Result "1/2-1/2"]
[WhiteTitle "GM"]
[BlackTitle "GM"]
[WhiteElo "2571"]
[BlackElo "2643"]
[WhiteFideId "13502247"]
[BlackFideId "14112906"]
[EventDate "2017.02.21"]

1. e4 c5 2. Nf3 Nc6 3. d4 cxd4 4. Nxd4 Nf6 5. Nc3 e5 6. Ndb5 d6 7. Bg5 a6 8. Na3
b5 9. Nd5 Be7 10. Bxf6 Bxf6 11. c3 Bg5 12. Nc2 Ne7 13. h4 Bh6 14. a4 bxa4 15.
Ncb4 O-O 16. Qxa4 a5 17. Bb5 Nxd5 18. Nxd5 Be6 19. Bc6 Rb8 20. b4 axb4 21. cxb4
Bxd5 22. Bxd5 Qb6 23. Rh3 Qd4 24. Rd1 Qxb4+ 25. Qxb4 Rxb4 26. Rb3 Rxb3 27. Bxb3
Rd8 28. Ra1 g6 29. Ra7 Rf8 30. Rd7 Bc1 31. Rxd6 Kh8 32. g4 h6 33. Ke2 Bb2 34.
Rd7 Kg7 35. Kf3 Ba3 36. g5 Bc1 37. Kg4 hxg5 38. hxg5 Bf4 39. Re7 Bh2 40. Bd5 Bf4
41. Rd7 1/2-1/2

[Event "Aeroflot Open A 2017"]
[Site "Moscow RUS"]
[Date "2017.02.22"]
[Round "2.28"]
[White "Esipenko, Andrey"]
[Black "Khismatullin, Denis"]
[Result "1/2-1/2"]
[WhiteTitle "FM"]
[BlackTitle "GM"]
[WhiteElo "2502"]
[BlackElo "2639"]
[WhiteFideId "24175439"]
[BlackFideId "4142578"]
[EventDate "2017.02.21"]

1. d4 Nf6 2. c4 e6 3. Nf3 d5 4. Nc3 a6 5. cxd5 exd5 6. Bg5 Be6 7. e3 Nbd7 8. Bd3
Bd6 9. O-O O-O 10. Qc2 Qb8 11. Bxf6 Nxf6 12. Ng5 g6 13. Nxe6 fxe6 14. g3 Qe8 15.
e4 dxe4 16. Nxe4 Nxe4 17. Bxe4 c6 18. Rae1 Qf7 19. Bd3 Rae8 20. Bc4 Kh8 21. Qb3
Qg7 22. Bxe6 Bb8 23. d5 cxd5 24. Bxd5 Rxe1 25. Rxe1 Ba7 26. Re2 Qd4 27. Bf3 b5
28. Kg2 Bb6 29. Qe6 Kg7 30. Qc6 Rf7 31. Qc2 Rc7 32. Qb3 Bc5 33. Bd5 Re7 34.
Rxe7+ Bxe7 35. Qf3 Bf6 36. b3 Qe5 37. h4 Qf5 38. Qd1 Qd7 39. h5 Qf5 40. Bf3 Qe6
41. Qd2 g5 42. Qd3 Kh6 43. Be4 Kxh5 44. Bxh7 Be7 45. Bf5 Qd6 46. Qf3+ Kh6 47.
Bc8 Kg7 48. Qa8 a5 49. Bg4 Qd8 50. Qe4 Qd6 51. Be2 b4 52. Bd3 Kf8 53. Bc4 Ke8
54. Qf5 Qc6+ 55. Kg1 Qf6 56. Qxa5 Bd6 57. Qa7 Qe5 58. Qa8+ Ke7 59. Qb7+ Kd8 60.
Bb5 Qf5 61. Qa8+ Ke7 62. Qe8+ Kf6 63. Bc4 Bc5 64. Qd8+ Kg7 65. Qd2 Qe5 66. Qd7+
Kh8 67. Qc8+ Kg7 68. Qb7+ Qe7 69. Qf3 Qf6 70. Qe2 Qe7 71. Qd2 Qe5 72. Kg2 Qe4+
73. f3 Qf5 74. Qb2+ Qf6 75. Qe2 Bd6 76. Qe8 Qb2+ 77. Kh3 Qe5 78. Qxe5+ Bxe5 79.
Kg2 Bd6 80. Kf2 Kf6 81. Ba6 Ke6 82. Bb7 Be5 83. Be4 Kd6 84. Kg2 Ke7 85. Kh3 Kf6
86. Bd3 Bd6 87. Bc4 Kf5 88. Ba6 Bc7 89. Bc8+ Kf6 90. Kg4 Bd6 91. Ba6 Bc7 92. Kh3
Bd6 93. Kg2 Bc7 94. Kf2 Bb6+ 95. Ke2 Bc7 96. g4 Ke5 97. Kd3 Kd5 98. Bb7+ Kc5 99.
Be4 Bf4 100. Bg6 Be5 101. Ke4 Bf4 102. Bf7 Bc1 103. Bc4 Bf4 104. Bg8 Bc1 105.
Ke5 Bf4+ 106. Ke6 Bc1 107. Kd7 Bf4 108. Bc4 Kb6 109. Kc8 1/2-1/2

[Event "Aeroflot Open A 2017"]
[Site "Moscow RUS"]
[Date "2017.02.22"]
[Round "2.29"]
[White "Alekseev, Evgeny"]
[Black "Sunilduth Lyna, Narayanan"]
[Result "1/2-1/2"]
[WhiteTitle "GM"]
[BlackTitle "GM"]
[WhiteElo "2632"]
[BlackElo "2524"]
[WhiteFideId "4138147"]
[BlackFideId "5058422"]
[EventDate "2017.02.21"]

1. e4 e5 2. Nf3 Nc6 3. Bc4 Bc5 4. O-O Nf6 5. d3 a6 6. c3 Ba7 7. Bb3 O-O 8. Be3
d5 9. Bxa7 Rxa7 10. exd5 Nxd5 11. d4 exd4 12. Nxd4 Nde7 13. Nxc6 Nxc6 14. Nd2
Bf5 15. Nc4 Ra8 16. Ne3 Qxd1 17. Raxd1 Be6 18. Bxe6 fxe6 19. Rd7 Rf7 20. Rfd1
Raf8 21. R7d2 Ne5 22. f3 Re8 23. Kf2 Nc6 24. Nf1 e5 25. Ng3 b6 26. Ke3 h6 27.
Rd7 g6 28. Ne4 Rxd7 29. Rxd7 Re7 30. Rd5 Kf7 31. Nf2 Ke6 32. Ke4 Rf7 33. Rd2 Na5
34. Rd8 Nc4 35. b3 Nd6+ 36. Kd3 Rd7 37. Rxd7 Kxd7 38. Ng4 Nf7 39. a4 Ke6 40. b4
h5 41. Nf2 Nd6 42. Ne4 Nxe4 43. Kxe4 b5 44. axb5 axb5 45. g3 Kd6 46. g4 Ke6 47.
gxh5 gxh5 48. h4 c6 49. f4 exf4 50. Kxf4 1/2-1/2

[Event "Aeroflot Open A 2017"]
[Site "Moscow RUS"]
[Date "2017.02.22"]
[Round "2.30"]
[White "Goganov, Aleksey"]
[Black "Golubov, Saveliy"]
[Result "1/2-1/2"]
[WhiteTitle "GM"]
[BlackTitle "IM"]
[WhiteElo "2632"]
[BlackElo "2492"]
[WhiteFideId "24109959"]
[BlackFideId "24176729"]
[EventDate "2017.02.21"]

1. d4 Nf6 2. c4 e5 3. dxe5 Ng4 4. Bf4 Nc6 5. Nf3 Bb4+ 6. Nc3 Qe7 7. Qd5 Bxc3+ 8.
bxc3 f6 9. exf6 Nxf6 10. Qd3 d6 11. g3 O-O 12. Bg2 Re8 13. O-O Qxe2 14. Qxe2
Rxe2 15. Nd4 Nxd4 16. cxd4 Be6 17. Bxb7 Rb8 18. Rab1 Rd8 19. a3 Bxc4 20. Rfc1 d5
21. Bxc7 Rd7 22. Bf4 Ne4 23. Bc6 Rd8 24. Be3 Nd2 25. Rb7 Nb3 26. Rb1 Na5 27. Rc7
Nxc6 28. Rxc6 Rd7 29. g4 h6 30. h4 Kf7 31. Rc8 Ra2 32. Rbb8 Be2 33. Rf8+ Ke6 34.
g5 hxg5 35. Bxg5 Bh5 36. Rb3 Re2 37. Kf1 Re4 38. Rb4 Be2+ 39. Kg2 Bc4 40. Re8+
Kf5 41. Rf8+ Ke6 42. f3 Rxd4 43. Rb1 Rd3 44. Bf4 Re7 45. Bg5 Rd7 46. Bf4 Re7 47.
Re1+ Kd7 48. Rd8+ Kxd8 49. Bg5 Rd2+ 50. Bxd2 1/2-1/2

[Event "Aeroflot Open A 2017"]
[Site "Moscow RUS"]
[Date "2017.02.22"]
[Round "2.32"]
[White "Buhmann, Rainer"]
[Black "Tabatabaei, M.amin"]
[Result "1/2-1/2"]
[WhiteTitle "GM"]
[BlackTitle "IM"]
[WhiteElo "2625"]
[BlackElo "2507"]
[WhiteFideId "4651340"]
[BlackFideId "12521213"]
[EventDate "2017.02.21"]

1. Nf3 Nf6 2. c4 e6 3. Nc3 d5 4. d4 Be7 5. Bf4 O-O 6. e3 c5 7. dxc5 Bxc5 8. Qc2
Nc6 9. a3 Re8 10. Bg3 d4 11. exd4 Nxd4 12. Nxd4 Bxd4 13. O-O-O e5 14. Bxe5 Rxe5
15. Qd3 Bf5 16. Qxd4 Qe7 17. f3 Re1 18. Rxe1 Qxe1+ 19. Qd1 Qe7 20. Qe2 Qc7 21.
g3 Qb6 22. Bg2 Re8 23. Ne4 Rc8 24. Kb1 Nxe4 25. fxe4 Be6 26. Rc1 Qd4 27. Rd1 Qc5
28. Bf1 h5 29. Qd3 Qa5 30. Qd4 Qa4 31. Be2 Bxc4 32. Bxc4 Rxc4 33. Qd8+ Kh7 34.
Rd5 Qc2+ 35. Ka2 Qxh2 36. Qd7 Rc6 37. Qxf7 Qxg3 38. Rxh5+ Rh6 39. Rd5 Qg6 40.
Qf4 Qe6 41. Qf5+ Qxf5 42. exf5 Rf6 43. Rd7 Rxf5 44. Rxb7 1/2-1/2

[Event "Aeroflot Open A 2017"]
[Site "Moscow RUS"]
[Date "2017.02.22"]
[Round "2.33"]
[White "Xu, Yi"]
[Black "Oparin, Grigoriy"]
[Result "1/2-1/2"]
[WhiteTitle "IM"]
[BlackTitle "GM"]
[WhiteElo "2444"]
[BlackElo "2625"]
[WhiteFideId "8605564"]
[BlackFideId "24125890"]
[EventDate "2017.02.21"]

1. e4 e5 2. Nf3 Nc6 3. Bc4 Bc5 4. O-O Nf6 5. d3 O-O 6. c3 d6 7. a4 a6 8. Na3 h6
9. Nc2 Ne7 10. Re1 Ng6 11. d4 Ba7 12. Bf1 Re8 13. d5 c6 14. c4 a5 15. g3 Bc5 16.
Qd3 Nf8 17. Nh4 Qb6 18. Ne3 N8h7 19. Bg2 Ng5 20. Kh1 Bd7 21. f3 g6 22. b3 Rac8
23. Bd2 Bb4 24. Rad1 Bxd2 25. Rxd2 Rcd8 26. Nd1 Qb4 27. Qc3 Qxc3 28. Nxc3 cxd5
29. Nxd5 Nxd5 30. Rxd5 Ne6 31. Rxa5 Nd4 32. Rb1 g5 33. Nf5 Nxf5 34. exf5 Bxf5
35. Rc1 Re7 36. f4 gxf4 37. gxf4 Bg6 38. Rb5 exf4 39. Rxb7 Rxb7 40. Bxb7 Rb8 41.
Bd5 Rxb3 42. Ra1 f3 43. a5 f2 44. Kg2 Rb2 45. Rf1 Ra2 46. Rxf2 Rxa5 1/2-1/2

[Event "Aeroflot Open A 2017"]
[Site "Moscow RUS"]
[Date "2017.02.22"]
[Round "2.35"]
[White "Bindrich, Falko"]
[Black "Debashis, Das"]
[Result "1/2-1/2"]
[WhiteTitle "GM"]
[BlackTitle "GM"]
[WhiteElo "2590"]
[BlackElo "2472"]
[WhiteFideId "4676670"]
[BlackFideId "5024854"]
[EventDate "2017.02.21"]

1. d4 Nf6 2. c4 e6 3. Nc3 Bb4 4. Qc2 O-O 5. Nf3 c5 6. dxc5 Na6 7. c6 bxc6 8. Bd2
d5 9. e3 Be7 10. Be2 Nc5 11. O-O a5 12. Rfd1 Ba6 13. Rab1 Qb6 14. Be1 Rfc8 15.
h3 h6 16. b3 Rab8 17. a3 Ncd7 18. Na4 Qc7 19. Qa2 Ne4 20. Rdc1 Qa7 21. Nd4 e5
22. Nf3 Bd6 23. Nd2 Nef6 24. Nf3 Ne4 25. Rd1 Ndf6 26. Nc3 Nxc3 27. Bxc3 Ne4 28.
Ba1 f6 29. Nh4 Qf7 30. b4 axb4 31. axb4 Bb7 32. Bf3 Ng5 33. Bg4 Rd8 34. Bf5 Ra8
35. Qe2 Ba6 36. b5 cxb5 37. cxb5 Bc8 38. Bg6 Qb7 39. Nf5 Bf8 40. f4 exf4 41.
exf4 Ne6 42. Qg4 Ra4 43. Rf1 Qb8 44. b6 Rxf4 45. Rxf4 Nxf4 46. Bd4 Nxg6 47. Qxg6
Qf4 48. Nxh6+ Qxh6 49. Qxh6 gxh6 50. b7 Bxb7 51. Rxb7 Rd6 52. Kf2 Rc6 53. Rd7
Bc5 54. Rxd5 1/2-1/2

[Event "Aeroflot Open A 2017"]
[Site "Moscow RUS"]
[Date "2017.02.22"]
[Round "2.36"]
[White "Karavade, Eesha"]
[Black "Kulaots, Kaido"]
[Result "1/2-1/2"]
[WhiteTitle "IM"]
[BlackTitle "GM"]
[WhiteElo "2418"]
[BlackElo "2590"]
[WhiteFideId "5012600"]
[BlackFideId "4500261"]
[EventDate "2017.02.21"]

1. e4 c5 2. Nf3 Nc6 3. Bb5 g6 4. Bxc6 bxc6 5. O-O Bg7 6. c3 Nf6 7. e5 Nd5 8. c4
Nc7 9. d4 d6 10. dxc5 dxe5 11. Qxd8+ Kxd8 12. Re1 f6 13. Nc3 Rb8 14. b3 Ne6 15.
Be3 Kc7 16. Rad1 Re8 17. Na4 g5 18. Bd2 g4 19. Ba5+ Kb7 20. Nd2 Nd4 21. Nf1 h5
22. Bc3 Ne6 23. Ng3 h4 24. Nf5 h3 25. Nxg7 Nxg7 26. gxh3 gxh3 27. f3 Bf5 28. Kf2
Ne6 29. Rg1 Rbd8 30. Ba5 Rd4 31. Bc3 Rxd1 32. Rxd1 Kc8 33. Ba5 Rh8 34. Rg1 Kd7
35. Bd2 Rh4 36. Be3 e4 37. Rg8 exf3 38. Kxf3 Nd4+ 39. Kf2 Nc2 40. Nc3 Bh7 41.
Rh8 e5 42. Kg3 Rh5 43. Bd2 f5 44. Ne2 Bg6 45. Rxh5 Bxh5 46. Ng1 f4+ 47. Kh4 Bd1
48. Nxh3 Ke6 49. Kg5 Nd4 50. Ng1 Nf5 51. Bc3 a6 52. Nh3 Bc2 53. Nf2 f3 54. Bd2
e4 55. Kf4 Nh4 56. Kg3 Nf5+ 57. Kf4 Nh4 58. Kg3 Ng2 59. Ng4 Bb1 60. a3 Ba2 61.
b4 Bxc4 62. Ne3 Nxe3 63. Bxe3 Ke5 64. h4 Kf5 65. h5 Bb3 66. h6 Kg6 67. Kf4 Kxh6
68. Kxe4+ Kg6 69. Kxf3 Kf5 1/2-1/2

[Event "Aeroflot Open A 2017"]
[Site "Moscow RUS"]
[Date "2017.02.22"]
[Round "2.40"]
[White "Swapnil, S. Dhopade"]
[Black "Jumabayev, Rinat"]
[Result "1/2-1/2"]
[WhiteTitle "GM"]
[BlackTitle "GM"]
[WhiteElo "2534"]
[BlackElo "2611"]
[WhiteFideId "5019184"]
[BlackFideId "13702661"]
[EventDate "2017.02.21"]

1. d4 e6 2. c4 Nf6 3. Nf3 Bb4+ 4. Nbd2 O-O 5. a3 Be7 6. g3 d5 7. Bg2 b6 8. O-O
Bb7 9. Ne5 c5 10. dxc5 bxc5 11. cxd5 exd5 12. b3 a5 13. Bb2 a4 14. bxa4 Nbd7 15.
Ndc4 Nxe5 16. Bxe5 Bc6 17. a5 Ra6 18. Ne3 Rxa5 19. Nf5 h6 20. Nxe7+ Qxe7 21.
Bxf6 Qxf6 22. Bxd5 Rfa8 23. Bxc6 Qxc6 24. Qd3 c4 25. Qc3 Qc5 26. Rfc1 Rxa3 27.
Rxa3 Rxa3 28. Qxc4 Qxc4 29. Rxc4 h5 30. Kg2 g6 31. h4 Kg7 32. Rc6 Rb3 33. e3 Rb2
34. Kf3 Ra2 35. e4 Rb2 36. Ke3 Ra2 37. Rd6 Rb2 38. f3 Ra2 39. Rd7 Ra3+ 40. Rd3
Ra2 41. e5 Ra5 42. Ke4 Ra4+ 43. Rd4 Ra3 44. Kf4 Rb3 45. Re4 Ra3 46. Rd4 Rb3 47.
Ke4 Ra3 48. Rd3 Ra1 49. f4 Ra5 50. Rd4 Ra1 51. Rd3 Ra5 52. Kf3 Ra1 53. Re3 Rb1
54. Re2 Rb3+ 55. Kg2 Ra3 56. Rf2 Re3 57. Kh3 Kg8 58. Ra2 Kg7 59. Kg2 Rb3 60. Kf2
Rc3 61. Re2 Ra3 62. e6 fxe6 63. Rxe6 Kf7 64. Re5 Kf6 65. Rg5 Ra2+ 66. Kf3 Ra3+
67. Kg2 Ra2+ 68. Kh3 Rf2 69. Ra5 1/2-1/2

[Event "Aeroflot Open A 2017"]
[Site "Moscow RUS"]
[Date "2017.02.22"]
[Round "2.43"]
[White "Van Foreest, Jorden"]
[Black "Paravyan, David"]
[Result "1-0"]
[WhiteTitle "GM"]
[BlackTitle "IM"]
[WhiteElo "2584"]
[BlackElo "2525"]
[WhiteFideId "1039784"]
[BlackFideId "4194985"]
[EventDate "2017.02.21"]

1. e4 e5 2. Nf3 Nf6 3. Nxe5 d6 4. Nf3 Nxe4 5. Nc3 Nxc3 6. dxc3 Be7 7. Be3 O-O 8.
Qd2 Nd7 9. O-O-O Nf6 10. Bd3 Re8 11. h3 d5 12. Rhe1 c5 13. c4 d4 14. Bg5 Be6 15.
Rxe6 fxe6 16. Qe2 Bd6 17. Nd2 Qc7 18. g3 Qf7 19. Ne4 Be7 20. Bd2 Nd7 21. f4 b5
22. cxb5 Nb6 23. Ng5 Bxg5 24. fxg5 e5 25. b3 c4 26. bxc4 e4 27. Bxe4 Rac8 28.
Qd3 Rxe4 29. Qxe4 Qxc4 30. Re1 Qxa2 31. Qe6+ Qxe6 32. Rxe6 Rc5 33. Rd6 Nd5 34.
Rd8+ Kf7 35. Rd7+ Kg8 36. Rxa7 Rxb5 37. Ra4 Nc3 38. Bxc3 dxc3 39. Rc4 Rxg5 40.
Rxc3 Kf7 41. Re3 Rc5 42. Kd2 Kf6 43. c3 h5 44. Kd3 Rd5+ 45. Ke4 Ke6 46. c4 Rd1
47. c5 g5 48. Rc3 Re1+ 49. Kf3 Kd7 50. c6+ Kc7 51. Rc5 h4 52. g4 Rh1 53. Kg2 Ra1
54. Rxg5 Kxc6 55. Rh5 Ra2+ 56. Kf3 Ra3+ 57. Kf4 Rxh3 58. Kg5 Kd6 59. Rxh4 Re3
60. Rh1 Re5+ 61. Kg6 Re6+ 62. Kh5 Ke7 63. Rf1 Re2 64. g5 Rg2 65. Kh6 Ke6 66. g6
Ke7 67. Kh7 Ke6 68. g7 Rh2+ 69. Kg8 Ke7 70. Re1+ Kd6 71. Re4 Kd5 72. Rf4 1-0

[Event "Aeroflot Open A 2017"]
[Site "Moscow RUS"]
[Date "2017.02.22"]
[Round "2.44"]
[White "Sandipan, Chanda"]
[Black "Tran, Tuan Minh"]
[Result "1/2-1/2"]
[WhiteTitle "GM"]
[BlackTitle "IM"]
[WhiteElo "2573"]
[BlackElo "2491"]
[WhiteFideId "5004225"]
[BlackFideId "12401820"]
[EventDate "2017.02.21"]

1. d4 Nf6 2. c4 e6 3. Nc3 Bb4 4. e3 b6 5. Bd2 Bb7 6. Nf3 O-O 7. Bd3 Bxc3 8. Bxc3
Ne4 9. Bxe4 Bxe4 10. d5 c5 11. Nd2 Bg6 12. h4 exd5 13. cxd5 h6 14. Qg4 h5 15.
Qf4 Na6 16. g4 Nb4 17. Bxb4 cxb4 18. gxh5 Bxh5 19. Rg1 f5 20. Rg5 g6 21. Nc4 Kh7
22. Nd6 Qc7 23. Kd2 Qc5 24. Qe5 b3 25. Rxh5+ gxh5 26. Qe7+ Kh8 27. Qe5+ Kh7 28.
Qe7+ Kh8 29. Qe5+ 1/2-1/2

[Event "Aeroflot Open A 2017"]
[Site "Moscow RUS"]
[Date "2017.02.22"]
[Round "2.45"]
[White "Ghaem Maghami, Ehsan"]
[Black "Puranik, Abhimanyu"]
[Result "1/2-1/2"]
[WhiteTitle "GM"]
[BlackTitle "IM"]
[WhiteElo "2566"]
[BlackElo "2481"]
[WhiteFideId "12500739"]
[BlackFideId "5061245"]
[EventDate "2017.02.21"]

1. Nf3 Nf6 2. c4 g6 3. Nc3 d5 4. cxd5 Nxd5 5. h4 Nc6 6. d4 Bg7 7. e4 Nb6 8. Be3
Bg4 9. d5 Ne5 10. Be2 Nxf3+ 11. gxf3 Bh5 12. f4 Bxe2 13. Qxe2 Qd7 14. a4 Bxc3+
15. bxc3 Nxa4 16. c4 a6 17. h5 Rg8 18. hxg6 hxg6 19. Rh7 b5 20. Qc2 Rb8 21. c5
Qg4 22. Rc1 Kf8 23. d6 Qd7 24. e5 exd6 25. cxd6 cxd6 26. Qc7 Qxc7 27. Rxc7 Rg7
28. Rh8+ Rg8 29. Rh7 Rg7 30. Rh3 dxe5 31. Rh8+ Rg8 32. Rh7 Rg7 33. Rh8+ Rg8 34.
Rh7 Rg7 35. Rh8+ Rg8 36. Rh7 Rg7 37. Rh8+ Rg8 1/2-1/2

[Event "Aeroflot Open A 2017"]
[Site "Moscow RUS"]
[Date "2017.02.22"]
[Round "2.48"]
[White "Morovic Fernandez, Ivan"]
[Black "Praggnanandhaa, R"]
[Result "1/2-1/2"]
[WhiteTitle "GM"]
[BlackTitle "IM"]
[WhiteElo "2550"]
[BlackElo "2455"]
[WhiteFideId "3405400"]
[BlackFideId "25059530"]
[EventDate "2017.02.21"]

1. d4 Nf6 2. Nf3 g6 3. Bg5 Bg7 4. c3 O-O 5. Nbd2 d5 6. e3 Nbd7 7. Be2 Re8 8. O-O
e5 9. Nb3 c6 10. Rc1 Qe7 11. c4 exd4 12. Nbxd4 dxc4 13. Bxc4 Nb6 14. Bb3 h6 15.
Bh4 g5 16. Bg3 Ne4 17. Qc2 c5 18. Ne5 Bxe5 19. Qxe4 Bxd4 20. Qxe7 Rxe7 21. exd4
c4 22. Bxc4 Nxc4 23. Rxc4 Be6 24. Rc3 f6 25. f4 g4 26. Re1 Rae8 27. a3 Kf7 28.
Rc5 Rd7 29. f5 Bb3 30. Rxe8 Kxe8 31. Rc8+ Rd8 32. Rc3 Ba4 33. Bf2 Bc6 34. h3 h5
35. hxg4 hxg4 36. Rg3 Rd5 37. Rxg4 Rxf5 38. d5 Bxd5 39. Bxa7 Rg5 40. Rxg5 fxg5
41. g3 g4 42. Kf2 Kd7 43. Ke3 Kc8 44. Kf4 Bf3 45. Ke5 Kc7 46. Be3 Kb8 47. a4 Bd1
48. a5 Bf3 49. Kd6 Bg2 50. b4 Bf3 51. b5 Bg2 52. Bf4 Ka8 53. Kc7 Bf1 54. Kb6 Be2
55. Be3 1/2-1/2

[Event "Aeroflot Open A 2017"]
[Site "Moscow RUS"]
[Date "2017.02.22"]
[Round "2.49"]
[White "Petrosyan, Manuel"]
[Black "Gusain, Himal"]
[Result "1-0"]
[WhiteTitle "IM"]
[WhiteElo "2549"]
[BlackElo "2438"]
[WhiteFideId "13300857"]
[BlackFideId "5033861"]
[EventDate "2017.02.21"]

1. Nf3 f5 2. g3 Nf6 3. Bg2 g6 4. O-O Bg7 5. d3 O-O 6. c4 d6 7. Nc3 e5 8. Rb1 a5
9. a3 Nc6 10. b4 axb4 11. axb4 h6 12. b5 Ne7 13. Nd2 g5 14. Bb2 h5 15. Ra1 Rb8
16. Qb3 Kh8 17. Ra7 g4 18. Rfa1 b6 19. Na2 Nd7 20. Nb4 Nc5 21. Qc2 f4 22. Nb3 f3
23. exf3 gxf3 24. Bf1 Bf5 25. Nd2 Bc8 26. Qd1 Bb7 27. Rxb7 Rxb7 28. Nxf3 Qe8 29.
d4 exd4 30. Bxd4 Qf7 31. Ng5 Qg6 32. Bxg7+ Kxg7 33. h4 Rbb8 34. Na6 Rbc8 35. Ra2
Nf5 36. Bg2 Rfe8 37. Bf3 Kh6 38. Qd2 Kg7 39. Qd1 Kh6 40. Nb4 Ne6 41. Bc6 Re7 42.
Nd5 Nxg5 43. Nxe7 Nxe7 44. Qc1 Nxc6 45. bxc6 Re8 46. Kh2 Re5 47. hxg5+ Rxg5 48.
Ra7 Qf7 49. Qe3 Kg6 50. Qe4+ Kg7 51. Qd4+ Kg6 52. Ra8 Rg4 53. Qd3+ Kg7 54. Qc3+
Kg6 55. Qc2+ Kg7 56. Rd8 Rxc4 57. Qb2+ Kg6 58. Rd7 Qf6 59. Qb1+ Kg5 60. f4+ Kg4
61. Qd1+ Kf5 62. Qd3+ Kg4 63. Qe2+ 1-0

[Event "Aeroflot Open A 2017"]
[Site "Moscow RUS"]
[Date "2017.02.23"]
[Round "3.1"]
[White "Matlakov, Maxim"]
[Black "Smirin, Ilia"]
[Result "1/2-1/2"]
[WhiteTitle "GM"]
[BlackTitle "GM"]
[WhiteElo "2701"]
[BlackElo "2670"]
[WhiteFideId "4168003"]
[BlackFideId "2801990"]
[EventDate "2017.02.21"]

1. d4 Nf6 2. Nf3 g6 3. g3 Bg7 4. Bg2 O-O 5. O-O d6 6. b3 Bf5 7. Bb2 Qc8 8. Re1
c5 9. c4 Bh3 10. Nc3 cxd4 11. Nxd4 Nc6 12. e4 Bxg2 13. Kxg2 Re8 14. Nd5 Nd7 15.
Qd2 a6 16. Rac1 Qd8 17. Bc3 Rc8 18. Nxc6 Rxc6 19. Bxg7 Kxg7 20. Red1 Kg8 21. h4
h5 22. Qg5 Nf6 23. Rd4 Nxd5 24. exd5 Rc5 25. b4 Rc8 26. Re1 b5 27. cxb5 axb5 28.
g4 hxg4 29. Rxg4 Rc4 30. h5 Rxg4+ 31. Qxg4 Qc8 32. Qxc8 Rxc8 33. Rxe7 gxh5 34.
Rd7 Rc4 35. a3 Rd4 36. Rxd6 Kf8 37. Ra6 Rxd5 38. a4 1/2-1/2

[Event "Aeroflot Open A 2017"]
[Site "Moscow RUS"]
[Date "2017.02.23"]
[Round "3.2"]
[White "Bluebaum, Matthias"]
[Black "Yu, Yangyi"]
[Result "1/2-1/2"]
[WhiteTitle "GM"]
[BlackTitle "GM"]
[WhiteElo "2632"]
[BlackElo "2738"]
[WhiteFideId "24651516"]
[BlackFideId "8603820"]
[EventDate "2017.02.21"]

1. d4 Nf6 2. c4 e6 3. g3 d5 4. Bg2 Bb4+ 5. Nd2 O-O 6. Nf3 b6 7. O-O Bb7 8. Ne5
Nbd7 9. Qa4 Bd6 10. Nxd7 Qxd7 11. Qxd7 Nxd7 12. cxd5 Bxd5 13. e4 Bb7 14. Rd1 Be7
15. Nc4 Nf6 16. f3 c5 17. dxc5 Bxc5+ 18. Be3 Bxe3+ 19. Nxe3 Rfd8 20. Rxd8+ Rxd8
21. Rd1 Rxd1+ 22. Nxd1 e5 1/2-1/2

[Event "Aeroflot Open A 2017"]
[Site "Moscow RUS"]
[Date "2017.02.23"]
[Round "3.3"]
[White "Inarkiev, Ernesto"]
[Black "Lysyj, Igor"]
[Result "1/2-1/2"]
[WhiteTitle "GM"]
[BlackTitle "GM"]
[WhiteElo "2723"]
[BlackElo "2643"]
[WhiteFideId "4162722"]
[BlackFideId "4150120"]
[EventDate "2017.02.21"]

1. e4 e5 2. Nf3 Nc6 3. Bc4 Bc5 4. O-O Nf6 5. d3 d6 6. c3 a6 7. Bb3 Ba7 8. Re1
O-O 9. h3 Be6 10. Nbd2 Bxb3 11. Qxb3 Rb8 12. Nf1 Re8 13. Ng3 h6 14. a4 d5 15. a5
Bc5 16. Ra4 Bf8 17. Bd2 Qd7 18. Raa1 Qe6 19. Be3 g6 20. Nd2 Bg7 21. f4 d4 22.
cxd4 exf4 23. Qxe6 fxe6 24. Bxf4 Nxd4 25. Bxc7 Rbc8 26. Rac1 Nd7 27. Bd6 Nb5 28.
Rxc8 Rxc8 29. e5 Nc5 30. Rc1 Nxd6 31. exd6 Bxb2 32. Rc2 Bd4+ 33. Kh1 Rc6 34. Nc4
Nxd3 35. d7 Bf6 36. Ne4 Be7 37. Rc3 Nb4 38. Ned6 Rc7 39. Rg3 g5 40. Ne5 Rc1+ 41.
Kh2 Rd1 42. Nxb7 Bf6 43. Ng4 Be7 44. Rb3 Nc6 45. Rb6 Rxd7 46. Rxc6 Rxb7 47. Rxa6
Rb5 48. Rxe6 Kf7 49. Ra6 h5 50. Ne3 Ke8 51. Rh6 Rxa5 52. Rxh5 Bd6+ 53. g3 Ra2+
54. Ng2 Be7 55. Rh6 Rd2 56. h4 gxh4 57. gxh4 Bd6+ 58. Kh3 Rd3+ 59. Kg4 Rg3+ 60.
Kf5 Rxg2 61. Rxd6 Kf7 62. Rd7+ 1/2-1/2